000 01427nam0a22003131 4500
001 rc\4557975
005 20260406081749.0
021 _aRU
_bП822-67
035 _a(NLR Aleph) 008367725
090 _a9038422
_c9038422
100 _a20130416d1966 |||y0rusy50 ca
101 0 _arus
102 _aRU
105 _aa z |||||
200 1 _aГеологические особенности и поисковые критерии промышленных месторождений бора
_fМ-во геологии СССР. Всесоюз. науч.-исслед. ин-т минер. сырья. ВИМС
210 _aМосква
_cНедра
_d1966
215 _a64 с.
_cил.
_d22
225 1 _aГеология месторождений твердых полезных ископаемых
_vВып. 2
300 _aПеред загл. авт.: А.Е. Лисицын, С.В. Малинко, Е.В. Орлова. На обл. авт. не указаны
320 _aБиблиогр.: с. 61-63
700 1 _aЛисицын
_bА.Е.
_gАполлон Ефимович
701 1 _aМалинко
_bС.В.
701 1 _7ca
_8rus
_aОрлова
_bЕ. В.
_cканд. геол.-минерал. наук
_f1900-
_gЕлена Владимировна
_3RU\NLR\AUTH\770276508
_92648475
801 0 _aRU
_bNLR
_gpsbo
801 1 _aRU
_bELAR
_2rusmarc
852 _aNLR
_jП7/1127
942 _cBOOK
980 _aNB